00481nam a22001817a 450000500170000001000140001702000250003103500130005603700130006908200080008210000200009024500520011026000380016227000590020030000250025965000120028470000030029620100809111224.0 aENG-98974 c30.00a9789380130163 aEN-82506 bDBAD/PUB a591 aS. Ananthakumar aZoology 1000 informations /cby S. Ananthakumar aChennai bArivu Pathippagamc2009 a142, Jani Jhan Khan Road, RoyapettahbChennai e600014 a63 p. c21 cm. (Pbk) aZoology